Život ptáků /
Uloženo v:
| Hlavní autor: | |
|---|---|
| Další autoři: | |
| Médium: | Kniha |
| Jazyk: | Czech |
| Vydáno: |
Praha :
Práh,
2024
|
| Vydání: | Vydání první |
| Témata: | |
| Celkem bylo vypůjčeno: | 4x |
| Tagy: |
Žádné tagy |
| LEADER | 01820nam a2200505 i 4500 | ||
|---|---|---|---|
| 001 | 103325 | ||
| 003 | CZ PrNK | ||
| 005 | 20260211140725.0 | ||
| 007 | ta | ||
| 008 | 241128s2024 xr af e f 001 0 cze | ||
| 015 | |a cnb003645345 | ||
| 020 | |a 9788076960282 |q (vázáno) | ||
| 040 | |a OLA001 |b cze |d ABA001 |e rda | ||
| 041 | 1 | |a cze |h eng | |
| 072 | 7 | |a 59 |x Zoologie |2 Konspekt |9 2 | |
| 080 | |a 598.2 |2 MRF | ||
| 080 | |a 591.58 |2 MRF | ||
| 080 | |a 591.5 |2 MRF | ||
| 080 | |a (0.062) |2 MRF | ||
| 100 | 1 | |a Attenborough, David, |d 1926- |7 jn19990000302 |4 aut |9 6918 | |
| 240 | 1 | 0 | |a Life of birds. |l Česky |
| 245 | 1 | 0 | |a Život ptáků / |c David Attenborough ; přeložila Jitka Jeníková |
| 250 | |a Vydání první | ||
| 264 | 1 | |a Praha : |b Práh, |c 2024 | |
| 300 | |a 262 stran, 64 nečíslovaných stran obrazových příloh : |b ilustrace (převážně barevné) ; |c 24 cm | ||
| 336 | |a text |b txt |2 rdacontent | ||
| 337 | |a bez média |b n |2 rdamedia | ||
| 338 | |a svazek |b nc |2 rdacarrier | ||
| 500 | |a Přeloženo z angličtiny | ||
| 500 | |a Obsahuje rejstřík | ||
| 650 | 0 | 7 | |a ptáci |7 ph115956 |2 czenas |
| 650 | 0 | 7 | |a komunikace živočichů |7 ph134853 |2 czenas |
| 650 | 0 | 7 | |a chování živočichů |7 ph189267 |2 czenas |
| 650 | 0 | 7 | |a ekologie živočichů |7 ph114419 |2 czenas |
| 650 | 0 | 9 | |a birds |2 eczenas |
| 650 | 0 | 9 | |a animal communication |2 eczenas |
| 650 | 0 | 9 | |a animal behavior |2 eczenas |
| 650 | 0 | 9 | |a animal ecology |2 eczenas |
| 655 | 7 | |a populárně-naučné publikace |7 fd131864 |2 czenas |9 102 | |
| 655 | 9 | |a popular works |2 eczenas | |
| 700 | 1 | |a Jeníková, Jitka |7 xx0126826 |4 trl |9 20452 | |
| 910 | |a UOG502 | ||
| 942 | |2 ddc |c KN | ||
| 999 | |d 103325 | ||
| 993 | |0 0 |1 421180103945 |2 ddc |4 0 |6 59_000000000000000 |7 0 |9 95269 |b 0 |c 103945 |d 2024-12-19 |e 4 |f DOSP |g 59 |h 499.00 |i Koupě |l DOSP |m 2 |r 2025-04-09 |s 2025-02-13 |t 5 |w 2024-12-19 |y KN |z NAUCNA |n | ||